|
|
|
|
| LEADER |
00000ny a22000003n 4500 |
| 005 |
20110511142826.0 |
| 008 |
750824c19679999cl qr p 0 0spa c |
| 010 |
|
|
|a 87647090
|z sf 85002045
|
| 022 |
|
|
|a 0014-1518
|
| 035 |
|
|
|a 3062
|
| 040 |
|
|
|a OCoLC
|d vLex
|
| 050 |
0 |
0 |
|a F1414.2
|b .E78
|
| 050 |
0 |
0 |
|a AP63
|b .E89
|
| 050 |
0 |
0 |
|a AP63
|b .E89
|
| 082 |
0 |
4 |
|a 327
|
| 090 |
|
|
|c 1699
|d 1699
|
| 245 |
1 |
0 |
|a Estudios internacionales
|h [Recurso electrn̤ico]
|b revista del Instituto de Estudios Internacionales de la Universidad de Chile
|
| 256 |
|
|
|a Servicio en ln̕ea
|
| 260 |
|
|
|a Santiago :
|b Instituto de Estudios Internacionales de la Universidad de Chile
|
| 310 |
|
|
|a Trimestral
|
| 506 |
1 |
|
|a Contenido solo disponible en los productos indicados
|d vLex Global
|d vLex Global (Academic Edition, excluding Law Schools)
|d vLex Global (Academic Edition, Law Schools)
|
| 650 |
0 |
4 |
|a America latina
|x Relaciones exteriores
|x Publicaciones perid̤icas
|
| 650 |
0 |
4 |
|a Political science
|
| 650 |
0 |
4 |
|a Social Sciences & Education
|
| 650 |
0 |
4 |
|a International relations
|
| 710 |
2 |
|
|a Universidad de Chile.
|b Instituto de Estudios Internacionales.
|
| 740 |
0 |
|
|a vLex Revista (Servicios en ln̕ea)
|
| 843 |
|
|
|a Electrn̤ica. Abierta
|
| 853 |
|
|
|8 1
|i (year)
|j (month)
|k (day)
|
| 856 |
4 |
0 |
|u http://vlex.com/source/3062
|z Acceso restringido
|
| 942 |
|
|
|c REV
|
| 999 |
|
0 |
|a Latin America
|y 1948-1980
|v Periodicals.
|
| 999 |
|
0 |
|a Latin America
|y 1980-
|v Periodicals.
|
| 999 |
|
0 |
|a World politics
|y 1945-1989
|v Periodicals.
|
| 999 |
|
0 |
|a World politics
|y 1989-
|v Periodicals.
|
| 999 |
|
0 |
|a Amřique latine
|y 1948-1980
|v Přiodiques.
|
| 999 |
|
0 |
|a Amřique latine
|y 1980-
|v Přiodiques.
|
| 999 |
|
0 |
|a Politique mondiale
|y 1945-1989
|v Přiodiques.
|
| 999 |
|
0 |
|a RELACIONES INTERNACIONALES
|
| 999 |
|
0 |
|a Buitenlandse betrekkingen.
|